| 000 | 01665nam a22002417a 4500 | ||
|---|---|---|---|
| 003 | AR-RoUNCS | ||
| 005 | 20260701170417.0 | ||
| 007 | ta | ||
| 008 | 260701s2008 ag |||||r|||| 00| 1 spa d | ||
| 020 | _a9789870411000 | ||
| 040 |
_aAR-RoUNCS _bspa _cAR-RoUNCS |
||
| 041 | _aspa | ||
| 100 |
_aVargas Llosa, Mario, _d1936-2025 _eautor |
||
| 245 | 1 | 3 |
_aLa señorita de Tacna ; Kathie y el hipopótamo / _cMario Vargas Llosa. |
| 250 | _a1a ed. | ||
| 260 |
_aBuenos Aires : _bAlfaguara, _c2008. |
||
| 300 |
_a213 p. ; _c20 cm. |
||
| 520 | _aEn La señorita de Tacna un escritor se esfuerza por llevar adelante su trabajo creativo, que no es otro que convocar el pasado de su familia, la historia de su decadencia, y también las pequeñas historias personales, los amores frustrados, las vidas vividas y las que están por vivir, especialmente las de la Mamaé, una anciana que convoca en escena los fantasmas de su pasado. | ||
| 520 | _aKathie y el hipopótamo parece desarrollarse en una buhardilla de París, pero en realidad transcurre en el mundo de su imaginación. Kathie, una mujer madura que quiere publicar un libro, ha contratado a Santiago, un escritor, para que la ayude en la tarea. A partir de ahí, ambos se relatan los fracasos vitales, las esperanzas frustradas, los anhelos — y las miserias — más escondidos, y empiezan a descubrir por qué otros senderos podría haber transcurrido su vida. Una obra en la que nada es lo que parece y en la que las fronteras entre el mundo que llamamos real y el mundo de la fantasía se borran hasta desaparecer. | ||
| 650 | 7 |
_2embne _aLiteratura peruana |
|
| 655 | 7 |
_2embne _aTeatro |
|
| 942 |
_2udc _cOG _n0 |
||
| 999 |
_c1074 _d1074 |
||